Normal view
MARC view
- PAKISTAN -FOREIGN RELATIONS AFGHANISTAN, AFGHANISTAN FOREIGN RELATIONS PAKISTAN, PAKISTAN POLITICS AND GOVERNMENT 1971 -1988, PAKISTAN POLITICS AND GOVERNMENT 1988, AFGHANISTAN POLITICS AND GOVERNMENT 1973-1989, AFGHANISTAN POLITICS AND GOVERNMENT 1989-2001, ISLAMIC FUNDAMENTALISM AFGHANISTAN.ISLAMIC MILITANCY IN AFGHANISTAN
Entry Topical Term
001 - CONTROL NUMBER
- control field: 61094
003 - CONTROL NUMBER IDENTIFIER
- control field: NUST
005 - DATE AND TIME OF LATEST TRANSACTION
- control field: 20210628202705.0
008 - FIXED-LENGTH DATA ELEMENTS
- fixed length control field: 210628|| aca||aabn | a|a d
040 ## - CATALOGING SOURCE
- Original cataloging agency: NUST
- Transcribing agency: NUST
150 ## - HEADING--TOPICAL TERM
- Topical term or geographic name entry element: PAKISTAN -FOREIGN RELATIONS AFGHANISTAN, AFGHANISTAN FOREIGN RELATIONS PAKISTAN, PAKISTAN POLITICS AND GOVERNMENT 1971 -1988, PAKISTAN POLITICS AND GOVERNMENT 1988, AFGHANISTAN POLITICS AND GOVERNMENT 1973-1989, AFGHANISTAN POLITICS AND GOVERNMENT 1989-2001, ISLAMIC FUNDAMENTALISM AFGHANISTAN.ISLAMIC MILITANCY IN AFGHANISTAN
670 ## - SOURCE DATA FOUND
- Source citation: Work cat.: (NUST): Rizwan Hussain 61093, Pakistan and the emergence of islamic militancy in afghanistan, 2005
